National Assembly Library of Thailand

เอกสารประกอบการประชุมวิชาการ Thailand conference on reading 2011 (ระเบียนเลขที่ 64498)

รายละเอียดในรูปแบบ MARC
000 -LEADER
fixed length control field 01149nam a22002417a 4500
005 - DATE AND TIME OF LATEST TRANSACTION
control field 20210325205814.0
008 - FIXED-LENGTH DATA ELEMENTS--GENERAL INFORMATION
fixed length control field s2554 th tha d
020 ## - INTERNATIONAL STANDARD BOOK NUMBER
International Standard Book Number 9786162350566
041 ## - LANGUAGE CODE
Language code of text/sound track or separate title tha
050 ## - LIBRARY OF CONGRESS CALL NUMBER
Classification number Z672.5 อ884 2554
245 10 - TITLE STATEMENT
Title เอกสารประกอบการประชุมวิชาการ Thailand conference on reading 2011
260 3# - PUBLICATION, DISTRIBUTION, ETC.
Place of publication, distribution, etc. กรุงเทพฯ :
Name of publisher, distributor, etc. สำนักงานอุทยานการเรียนรู้,
Date of publication, distribution, etc. 2554
300 ## - PHYSICAL DESCRIPTION
Extent 251 หน้า :
Other physical details ตาราง, แผนภูมิ;
Dimensions 20 ซม.
650 04 - SUBJECT ADDED ENTRY--TOPICAL TERM
Topical term or geographic name entry element เด็ก -- หนังสือและการอ่าน
650 04 - SUBJECT ADDED ENTRY--TOPICAL TERM
Topical term or geographic name entry element การส่งเสริมการอ่าน
650 04 - SUBJECT ADDED ENTRY--TOPICAL TERM
Topical term or geographic name entry element การอ่าน
650 04 - SUBJECT ADDED ENTRY--TOPICAL TERM
Topical term or geographic name entry element สำนักงานอุทยานการเรียนรู้ -- การประชุม -- 2554
850 ## - HOLDING INSTITUTION
Holding institution NALT
942 ## - ADDED ENTRY ELEMENTS (KOHA)
Koha item type General Book
997 ## -
-- บ 24182
997 ## -
-- 000000000064498
998 ## - LOCAL CONTROL INFORMATION (RLIN)
-- นางสาวจำเรียง ประสงค์ดี
รายการที่มีในห้องสมุด
Withdrawn status Lost status Damaged status Not for loan Collection code Home library Current library Source of acquisition Total Checkouts Full call number Barcode Date last seen Price effective from Koha item type
        General Book collection National Assembly Library of Thailand National Assembly Library of Thailand บริจาค   Z 672.5 อ884 2554 3961187026 09/06/2017 09/06/2017 General Book
หอสมุดรัฐสภา
สำนักงานเลขาธิการสภาผู้แทนราษฎร เลขที่ 1111 ถนนสามเสน แขวงถนนนครไชยศรี เขตดุสิต กรุงเทพฯ 10300
The Secretariat of the House of Representatives 1111 Samsen Road, Thanon Nakhon Chai Si, Dusit, Bangkok 10300, THAILAND
โทรศัพท์: +66(0) 2242 5900 ต่อ 5714-5 โทรสาร: +66(0) 2242 5990 อีเมล: [email protected]